Ребрендинг коммерческих банков; Энергия молодых - экономике России; Ч. 3

Détails bibliographiques
Parent link:Энергия молодых - экономике России: труды IX Международной научно-практической конференции студентов и молодых ученых, г. Томск, 19-22 мая 2008 г./ Томский политехнический университет (ТПУ) ; Вольное экономическое общество России ; Международный союз экономистов (МСЭ).— , 2008
Ч. 3.— 2008.— С. 81-82
Auteur principal: Иванова Е. В.
Autres auteurs: Могильницкая Г. О. Галина Олеговна (научный руководитель)
Langue:russe
Publié: 2008
Sujets:
Format: MixedMaterials Chapitre de livre
KOHA link:https://koha.lib.tpu.ru/cgi-bin/koha/opac-detail.pl?biblionumber=160483

MARC

LEADER 00000naa2a2200000 4500
001 160483
005 20231031155559.0
035 |a (RuTPU)RU\TPU\book\174029 
090 |a 160483 
100 |a 20090522d2008 k y0rusy50 ca 
101 0 |a rus 
102 |a RU 
200 1 |a Ребрендинг коммерческих банков  |f Е. В. Иванова  |g науч. рук. Г. О. Могильницкая 
320 |a Библиогр.: 5 назв. 
461 1 |0 (RuTPU)RU\TPU\book\166087  |t Энергия молодых - экономике России  |o труды IX Международной научно-практической конференции студентов и молодых ученых, г. Томск, 19-22 мая 2008 г.  |f Томский политехнический университет (ТПУ) ; Вольное экономическое общество России ; Международный союз экономистов (МСЭ)  |d 2008 
463 0 |0 (RuTPU)RU\TPU\book\164805  |t Ч. 3  |v С. 81-82  |d 2008 
610 1 |a банки 
610 1 |a коммерческие банки 
610 1 |a ребрендинг 
610 1 |a имидж 
610 1 |a бренд 
610 1 |a позиционирование 
610 1 |a финансовый рынок 
610 1 |a труды учёных ТПУ 
610 1 |a переименование 
700 1 |a Иванова  |b Е. В. 
702 1 |a Могильницкая  |b Г. О.  |c российский учёный в области экономики  |c доцент Томского политехнического университета  |g Галина Олеговна  |2 stltpush  |3 (RuTPU)RU\TPU\pers\29197  |4 727 
801 1 |a RU  |b 63413507  |c 20090522  |g PSBO 
801 2 |a RU  |b 63413507  |c 20161124  |g RCR 
942 |c BK